书目信息 |
| 题名: |
新型药物制剂的专利研究
|
|
| 作者: | 蒋嘉瑜 编著 | |
| 分册: | ||
| 出版信息: | 成都 四川科学技术出版社 2024.10 |
|
| 页数: | 221页 | |
| 开本: | 21cm | |
| 丛书名: | ||
| 单 册: | ||
| 中图分类: | R944-18 | |
| 科图分类: | ||
| 主题词: | 药物--yao wu--制剂--专利--研究 | |
| 电子资源: | ||
| ISBN: | 978-7-5727-1567-9 | |
| 000 | 01627nam0 2200265 450 | |
| 001 | 94283 | |
| 005 | 20250820095744.70 | |
| 010 | @a978-7-5727-1567-9@dCNY48.00 | |
| 100 | @a20241219d2024 em y0chiy50 ea | |
| 101 | 0 | @achi |
| 102 | @aCN@b510000 | |
| 105 | @aa z 000yy | |
| 106 | @ar | |
| 200 | 1 | @a新型药物制剂的专利研究@Axin xing yao wu zhi ji de zhuan li yan jiu@f蒋嘉瑜 ... [等] 编著 |
| 210 | @a成都@c四川科学技术出版社@d2024.10 | |
| 215 | @a221页@c图@d21cm | |
| 300 | @awinshare文轩 | |
| 304 | @a题名页题其余责任者: 贾麒, 刘应梅, 杨青青, 银欢 | |
| 314 | @a蒋嘉瑜, 四川大学华西药学院药剂学理学博士, 高级知识产权师, 国家知识产权局四级审查员, 审查协作四川中心骨干人才, 四川省知识产权培训教师, 贵州省知识产权专家, 江苏省知识产权专家库成员, 具备专利代理人资格。8年医药领域专利实审经验, 药物、化学、生物等多领域审查员导师, 多次参与政府、企业医药领域的专利导航项目。 | |
| 330 | @a本书全面分析了药物新制剂技术的现状与专利申请情况, 涵盖了微囊与微球、微针、纳米晶、脂质体等先进剂型的研究进展, 并详细梳理了这些领域的专利申请动态, 特别对重点申请人的专利布局进行了深入分析, 旨在为药物制剂领域的研究人员提供有价值的参考信息, 推动技术进步, 书中还探讨了这些技术在临床应用中的潜力与挑战, 以及如何通过专利保护促进技术创新, 是一本结合理论与实践的专业著作, 适合药物制剂领域的研究人员、专利律师、企业决策者以及对药物制剂技术感兴趣的读者, 它不仅提供了丰富的技术信息, 还有助于读者理解药物新制剂技术的发展趋势, 为未来的研究和开发工作提供指导。 | |
| 606 | 0 | @a药物@Ayao wu@x制剂@x专利@x研究 |
| 690 | @aR944-18@v5 | |
| 701 | 0 | @a蒋嘉瑜@Ajiang jia yu@4编著 |
| 801 | 0 | @aCN@c20250909 |
| 905 | @a河南城建学院图书馆@dR944-18@eJ560@f1 | |
| 新型药物制剂的专利研究/蒋嘉瑜 ... [等] 编著.-成都:四川科学技术出版社,2024.10 |
| 221页:图;21cm |
| winshare文轩 |
| ISBN 978-7-5727-1567-9:CNY48.00 |
| 本书全面分析了药物新制剂技术的现状与专利申请情况, 涵盖了微囊与微球、微针、纳米晶、脂质体等先进剂型的研究进展, 并详细梳理了这些领域的专利申请动态, 特别对重点申请人的专利布局进行了深入分析, 旨在为药物制剂领域的研究人员提供有价值的参考信息, 推动技术进步, 书中还探讨了这些技术在临床应用中的潜力与挑战, 以及如何通过专利保护促进技术创新, 是一本结合理论与实践的专业著作, 适合药物制剂领域的研究人员、专利律师、企业决策者以及对药物制剂技术感兴趣的读者, 它不仅提供了丰富的技术信息, 还有助于读者理解药物新制剂技术的发展趋势, 为未来的研究和开发工作提供指导。 |
| ● |
| 相关链接 |
|
|
|
正题名:新型药物制剂的专利研究
索取号:R944-18/J560
 
预约/预借
| 序号 | 登录号 | 条形码 | 馆藏地/架位号 | 状态 | 备注 |
| 1 | 1628209 | 216282092 | 自科库401/401自科库 22排4列4层/ [索取号:R944-18/J560] | 在馆 |